| 000 | 01045nam a22002417a 4500 | ||
|---|---|---|---|
| 999 |
_c389 _d389 |
||
| 003 | AR-CdUCM | ||
| 008 | 190223b ||||| |||| 00| 0 spa d | ||
| 040 |
_aMUNICIPALIDAD PROVINCIAL DEL CUSCO _cBIBLIOTECA MUNICIPAL DEL CUSCO |
||
| 082 |
_a985.0013 / _bL96 |
||
| 100 |
_a Luna Vegas, Ricardo, _91563 |
||
| 245 |
_aMariátegui, Haya de la Torre y la verdad histórica : _bLa verdad en sus documentos originales. Refutación de las versiones apristas. Una polémica cuya vigencia se mantiene viva / |
||
| 260 |
_aLima : _bRetama, _c1978. |
||
| 300 |
_a139 páginas ; _c17.5 cm. |
||
| 440 |
_aHistoria política _n3 _91564 |
||
| 505 | _aContenido: Mariátegui y Haya de la Torre -- 1923: Haya lider y obrero estudiantil, Mariátegui profesor de la UPGP -- 1924: Mariátegui se agrava, Haya de la Torre funda el APRA... | ||
| 650 |
_aPerú _935 |
||
| 650 |
_aPartidos políticos _91565 |
||
| 650 |
_aSocialismo _91037 |
||
| 650 |
_aComunismo _9495 |
||
| 650 |
_aJose Carlos Mariátegui _91566 |
||
| 942 |
_2ddc _cLIBROS |
||
| 945 |
_admma _d2019-02-23 |
||